000 00529nam a2200169 i 4500
001 38235
003 ES-MaACL
007 t|
008 030225s1946 ag ||||1| spa d
100 1 _aCalatroni, Carlos J.
_933552
245 1 0 _aTerapéutica ginecológica /
_cpor Carlos J. Calatroni, Vicente Ruiz.
250 _a4ª ed.
260 _aBuenos Aires :
_b"El Ateneo",
_c1946 (
_fImp. Ferrari Hermanos)
300 _a1155 p., 15 lám. :
_bil. ;
_c27 cm.
700 1 _aRuiz, Vicente.
_9100633
852 _aES-MaACL
_jE-324
_bR.27005
999 _c38235
_d38235